| 000 | 01401nam0a2200385 4500 | ||
|---|---|---|---|
| 001 | RU\NLR\bibl\320092 | ||
| 005 | 20250621142712.0 | ||
| 010 |
_a5-16-001019-X _9100000 |
||
| 021 |
_aRU _b2002-30880 _91532 |
||
| 035 | _a(NLR Aleph) 000315153 | ||
| 090 |
_a62229 _c62229 |
||
| 100 | _a20021008d2002 |||y0rusy50 ca | ||
| 101 | 0 | _arus | |
| 102 | _aRU | ||
| 105 | _aa ||||||||| | ||
| 200 | 1 |
_aФинансовый менеджмент _eУчеб. _fЛ. Е. Басовский |
|
| 210 |
_aМ. _cИНФРА-М _d2002 |
||
| 215 |
_a239 с. _cграф. _d22 |
||
| 225 | 1 | _aВысшее образование | |
| 320 | _aБиблиогр.: с. 228 | ||
| 606 | 0 |
_aМенеджмент финансовый _jРуководства, пособия и т.п. для высшей школы _92070634 _3RU\NLR\auth\661245361 |
|
| 606 | 0 |
_aМенеджмент финансовый _jУчебные издания для высшей школы _92070634 _3RU\NLR\auth\661245361 |
|
| 610 | 0 | _aФинансы - Управление | |
| 610 | 0 | _aМенеджмент | |
| 675 |
_a336.6(075.8) _v3 _zrus |
||
| 686 |
_a06.75 _2rugasnti |
||
| 686 |
_a65.261я73 _2rubbk |
||
| 686 | _aУ26(0)-21я73 | ||
| 700 | 1 |
_aБасовский _bЛ. Е. _4070 |
|
| 801 | 0 |
_aRU _bRKP _c20021008 _gPSBO |
|
| 801 | 1 |
_aRU _bRKP _c20021008 |
|
| 801 | 2 |
_aRU _bNLR _c20030121 _grcr |
|
| 942 | _cBOOK | ||
| 980 | _aNB | ||